| 000 | 00333nam a2200097Ia 4500 | ||
|---|---|---|---|
| 008 | 240331s9999 xx 000 0 und d | ||
| 082 |
_a297.5 _bTHO |
||
| 100 | _aThomas, P | ||
| 245 | 0 |
_aHindu religion ,customs and manners : _bDescribing the Customs and Manners, Religion, Social and Domestic life,Arts and Sciences of the Hindus |
|
| 942 | _cL | ||
| 999 |
_c945 _d945 |
||